Лидар для зондирования тропосферного озона с использованием нелинейных преобразователей излучения лазера на парах меди; Оптика атмосферы и океана; Т. 7, № 11-12

Detalles Bibliográficos
Parent link:Оптика атмосферы и океана: научно-теоретический журнал.— , 1988-
Т. 7, № 11-12.— 1994.— С. 1614-1618
Outros autores: Бурлаков В. Д., Зуев В. В., Евтушенко Г. С. Геннадий Сергеевич, Катаев М. Ю., Смирнов С. В., Троицкий В. О.
Summary:Для зондирования тропосферного озона по методу дифференциального поглощения предлагается лидар с использованием нетрадиционных пар лазерных линий: 271-289 нм ( суммарная частота желтой и зеленой линий излучения лазера на парах меди и вторая гармоника желтой линии соответственно ) и 289-308 нм ( 308 нм - длина волны излучения эксимерного XeCl-лазера ). Описываются результаты по исследованию эффективности генерации гармоник медного лазера в нелинейных кристаллах b - ВаВ2О4. Приводятся результаты численного моделирования возможностей рассматриваемого лидара для зондирования тропосферного озона.
В фонде НТБ ТПУ отсутствует
Idioma:ruso
Publicado: 1994
Subjects:
Formato: Capítulo de libro
KOHA link:https://koha.lib.tpu.ru/cgi-bin/koha/opac-detail.pl?biblionumber=599968

MARC

LEADER 00000naa0a2200000 4500
001 599968
005 20250127103914.0
035 |a (RuTPU)RU\TPU\tpu\24130 
035 |a RU\TPU\tpu\24129 
090 |a 599968 
100 |a 20131210d1994 k||y0rusy50 ca 
101 0 |a rus 
102 |a RU 
200 1 |a Лидар для зондирования тропосферного озона с использованием нелинейных преобразователей излучения лазера на парах меди  |f В. Д. Бурлаков [и др.] 
320 |a Библиогр.: 6 назв. 
330 |a Для зондирования тропосферного озона по методу дифференциального поглощения предлагается лидар с использованием нетрадиционных пар лазерных линий: 271-289 нм ( суммарная частота желтой и зеленой линий излучения лазера на парах меди и вторая гармоника желтой линии соответственно ) и 289-308 нм ( 308 нм - длина волны излучения эксимерного XeCl-лазера ). Описываются результаты по исследованию эффективности генерации гармоник медного лазера в нелинейных кристаллах b - ВаВ2О4. Приводятся результаты численного моделирования возможностей рассматриваемого лидара для зондирования тропосферного озона. 
333 |a В фонде НТБ ТПУ отсутствует 
461 |t Оптика атмосферы и океана  |o научно-теоретический журнал  |d 1988- 
463 |t Т. 7, № 11-12  |o тематический выпуск по материалам Первого Межреспубликанского симпозиума "Оптика атмосферы и океана", Томск, 21-24 июня 1994 г.  |v С. 1614-1618  |d 1994 
610 1 |a труды учёных ТПУ 
701 1 |a Бурлаков  |b В. Д. 
701 1 |a Зуев  |b В. В. 
701 1 |a Евтушенко  |b Г. С.  |c российский специалист в области электрофизики  |c профессор Томского политехнического университета, доктор технических наук  |f 1947-  |g Геннадий Сергеевич  |3 (RuTPU)RU\TPU\pers\21960  |4 070  |9 9279 
701 1 |a Катаев  |b М. Ю. 
701 1 |a Смирнов  |b С. В. 
701 1 |a Троицкий  |b В. О. 
801 1 |a RU  |b 63413507  |c 20131205 
801 2 |a RU  |b 63413507  |c 20131210  |g RCR 
942 |c CR